Tilastot visalle Suomiräppärit 3 minuutissa

Klikkaa tästä pelataksesi tätä visaa!

Yleistilastot

  • Tätä visaa on pelattu 711 kertaa
  • Keskiarvotulos 10 / 103

Vastaustilastot

Vastaus% Oikein
Cheek
90%
Elastinen
86%
VilleGalle
49%
Jare Brand
47%
Mikael Gabriel
45%
Uniikki
45%
Iso-H
43%
Pyhimys
40%
Gettomasa
39%
Pikku-G
36%
Brädi
32%
Nikke Ankara
29%
Paperi T
26%
Cledos
21%
Kube
21%
Paleface
21%
Asa
19%
Aste
19%
Redrama
17%
Juno
16%
Spekti
16%
Heikki Kuula
12%
Karri Koira
12%
Petri Nygård
12%
Musta Barbaari
11%
Sairas-T
10%
Stepa
9%
Arttu Lindeman
8%
Mäkki
8%
Puhuva Kone
8%
Skandaali
8%
Juju
7%
OG Ulla-Maija
7%
Ruudolf
7%
Ezkimo
6%
Julma-H
6%
Are
5%
Huge L
5%
Raappana
5%
Slim Mill
5%
Steen1
5%
Tasis
5%
Eevil-Stöö
4%
Gracias
4%
MC Rambo
4%
MKDMSK
4%
Notkea Rotta
4%
PastoriPike
4%
Adi L Hasla
3%
Fatboy L
3%
Leijona
3%
Tommishock
3%
ADOD
2%
Altis
2%
Mäk Gälis
2%
MC Mane
2%
Solonen
2%
Aksim
1%
Chebaleba
1%
DJ Kridlokk
1%
Edorf
1%
Hannibal
1%
Hurtta
1%
Ideaali
1%
Jay Who?
1%
Jere (JXO)
1%
Jontti
1%
Kuristaja
1%
Laineen Kasperi
1%
OD Kokemus
1%
Painajainen
1%
Pajafella
1%
R-Syke
1%
Sere
1%
Snäfä
1%
Tapani Kansalainen
1%
Amoc
0%
Antti Karsee
0%
BJD
0%
Bulle
0%
Dagger-D
0%
DJPP
0%
Eino Antiwäkki
0%
Färmy
0%
Haamu
0%
Heinis
0%
Idän Ihme
0%
Ironface
0%
Jami Fataali
0%
Jyrise
0%
Koli-C
0%
Köyhä Jonne
0%
Majakka
0%
Midas
0%
MikeOne
0%
Ode (JXO)
0%
OG Ikonen
0%
Olli PA
0%
Panama Rayo
0%
Petos
0%
RoopeK
0%
Saurus
0%
Tykopaatti
0%

Tulosjakauma

Persentiili vastausten määrän mukaan

Jokaisen tuloksen saaneiden osuus

Tuloshistoriasi

Et ole pelannut tätä visaa